000 00310nam a22001457a 4500
008 221111b ||||| |||| 00| 0 eng d
020 _a0262690845
041 _aeng
080 _a573
082 _a573 SOB
100 _a16.1
101 _aBIO
245 _aEVOLUTIONARY BIOLOGY
_cSOBER E
942 _2udc
_cBK
999 _c58866
_d58866